King Henry II of England - Statistics

General Stats
  • This quiz has been taken 13 times
  • The average score is 11 of 15
Answer Stats
Hint Answer % Correct
His mother who contested the English throne Empress Matilda
92%
Henry's favourite son who would later infamously be forced to sign the Magna Carta John
92%
Succeeded by this son, often known as 'the Lionheart' Richard I
92%
Named as this king's heir following the Treaty of Winchester, and succeeded him after his death in 1154 Stephen
92%
Henry's friend turned rival who was murdered in Canterbury Cathedral in 1170 Thomas Becket
92%
Formed this vast empire that covered England, substantial parts of Wales and Ireland, and much of France {Angevin} Empire
83%
Married this incredibly wealthy and powerful duchess in 1152 following the annulment of her marriage to King Louis VII of France Eleanor of Acquitane
83%
Henry was the first king of this royal dynasty which ruled England for over 300 years House of {Plantagenet}
83%
This son of Henry's was crowned in 1170, technically ruling alongside his father until he died 1183 Henry the Young King
75%
This King of France is crowned in 1179, takes advantage of the unrest within Henry's family and would later go on to dismantle English territory in France Philip II
75%
... relations soured between the two after he was awarded this high-standing position in the clergy Archbishop of Canterbury
67%
His father, who unusually granted the Duchy of Normandy to Henry in 1150 {Geoffrey} of Anjou
67%
... she was imprisoned in this year, after supporting Henry's sons in 'The Great Revolt' against the king 1173
58%
The use of this legal proceeding greatly increased during Henry's reign Trial by {Jury}
50%
This ailment caused Henry's death in 1189 Bleeding ulcer
8%
No matching quizzes found
Score Distribution
Percent of People with Each Score
Percentile by Number Answered
Your Score History
You have not taken this quiz